| 000 | 00970cam a2200265 i 4500 | ||
|---|---|---|---|
| 942 | _cBK | ||
| 999 |
_c700 _d700 |
||
| 001 | 19039352 | ||
| 003 | OSt | ||
| 005 | 20250420134822.0 | ||
| 008 | 160401s2016 ii b 001 0 eng | ||
| 010 | _a 2016012701 | ||
| 020 | _a9781316610046 (pbk.) | ||
| 040 |
_aDLC _beng _cKCST _erda |
||
| 042 | _apcc | ||
| 050 | 0 | 0 |
_aTK5103.592.F52 _bS56 2016 |
| 082 | 0 | 0 |
_a621.382 _223 _bSi Op |
| 100 | 1 |
_aSingal, Tarsem Lal, _eauthor. _95372 |
|
| 245 | 1 | 0 |
_aOptical fiber communications : _bprinciples and applications / _cT.L. Singal. |
| 260 | 1 |
_aDelhi, India : _bCambridge University Press is part of the University of Cambridge, _c2016. |
|
| 300 |
_axix, 450 pages ; _c25 cm |
||
| 504 | _aIncludes bibliographical references (pages 441-443) and index. | ||
| 520 |
_a"Discusses several dispersion-management schemes that restore amplified signal to its original state"-- _cProvided by publisher. |
||
| 650 | 0 |
_aOptical fiber communication. _91365 |
|
| 942 | _2ddc | ||